000
00227nam a2200097Ia 4500
005
20251222114355.0
008
251222s1900||||xx |||||||||||||| ||spa||
082
_a
DVD0070/J47/1999
245
0
_a
Huracán:The Hurricane
942
_c
DVD
999
_c
1409
_d
1409